[Event "Karl Wagner mem 5th"]
[Site "Graz"]
[Date "1998.09.08"]
[Round "4.22"]
[White "Klimpel, Thomas"]
[Black "Baumegger, Siegfried"]
[Result "0-1"]
[WhiteElo "2155"]
[BlackElo "2360"]

1.e4 c5 2.Nf3 Nc6 3.Bb5 g6 4.Bxc6 dxc6 5.O-O Bg7 6.d3 Nf6 7.Nc3 O-O 8.Be3 b6
9.h3 Qc7 10.Qc1 Ne8 11.Bh6 e5 12.Bxg7 Nxg7 13.Qh6 f6 14.Ne2 b5 15.Qe3 Ne6
16.Nd2 Nd4 17.Nxd4 cxd4 18.Qg3 g5 19.h4 h6 20.a4 a6 21.Nf3 Qd7 22.hxg5 hxg5
23.Nd2 Qd6 24.b3 Ra7 25.f3 Rg7 26.Nb1 Qc5 27.Na3 Be6 28.Qf2 bxa4 29.bxa4 Rb8
30.c4 Rb3 31.Rfb1 Rxa3 32.Rb8+ Kh7 33.Rab1 Kg6 34.g4 Qa7 35.Qc2 Ra1 36.Re8 Rxb1+
37.Qxb1 Re7 38.Rh8 Qb7 39.Qc2 Qb4 40.Kg2 Rh7  0-1

[Event "Karl Wagner mem 5th"]
[Site "Graz"]
[Date "1998.09.10"]
[Round "6.32"]
[White "Lampersberger, Erhard"]
[Black "Mihevc, Narcisa"]
[Result "1-0"]
[WhiteElo "2090"]
[BlackElo "2200"]

1.e4 c5 2.Nf3 Nc6 3.Bb5 d6 4.O-O Bd7 5.c3 Nf6 6.Re1 a6 7.Bxc6 Bxc6 8.d4 Bxe4
9.Bg5 Bxb1 10.Rxb1 Nd7 11.d5 h6 12.Bf4 Nf6 13.b4 g5 14.bxc5 gxf4 15.Rxb7 Qc8
16.c6 e6 17.dxe6 fxe6 18.Qb3 d5 19.Nd4 Ne4 20.f3 Bc5 21.fxe4 O-O 22.exd5 f3
23.gxf3 Qd8 24.Qc2 Qg5+ 25.Kh1  1-0

[Event "Karl Wagner mem 5th"]
[Site "Graz"]
[Date "1998.09.11"]
[Round "7.40"]
[White "Zirngast, Erhard"]
[Black "Wallner, Dieter"]
[Result "0-1"]
[WhiteElo "2060"]
[BlackElo "2110"]

1.e4 c5 2.Nf3 Nc6 3.Bb5 g6 4.O-O Bg7 5.c3 Nf6 6.Qe2 O-O 7.d4 cxd4 8.cxd4 d5
9.e5 Ne8 10.Nc3 Nc7 11.Bf4 Bg4 12.Rfd1 Bxf3 13.gxf3 Qd7 14.Be3 Nxb5 15.Qxb5 Rfd8
16.Ne2 Nxe5  0-1

[Event "Itau Mercosul Cup 2nd"]
[Site "Sao Paulo"]
[Date "1998.09.11"]
[Round "4"]
[White "Pelikian, Jefferson"]
[Black "D'Israel, Davy"]
[Result "1-0"]
[WhiteElo "2415"]
[BlackElo "2240"]

1.e4 c5 2.Nf3 Nc6 3.Bb5 g6 4.O-O Bg7 5.Re1 Nf6 6.c3 O-O 7.d4 d5 8.e5 Ne4
9.h3 f6 10.exf6 exf6 11.dxc5 Nxc5 12.Be3 Ne4 13.Nbd2 Be6 14.Nd4 Nxd4 15.Bxd4 f5
16.Nb3 a6 17.Bf1 Bf7 18.Bxg7 Kxg7 19.Qd4+ Qf6 20.f3 Nd6 21.Rad1 Rfe8 22.Rxe8 Rxe8
23.Kf2 Qxd4+ 24.Rxd4 Kf6 25.Rb4 Rc8 26.Rb6 Ke7 27.Na5 Rc7 28.Ke3 d4+ 29.Kxd4 Bxa2
30.c4 Bb1 31.c5 Nb5+ 32.Bxb5 axb5 33.Rxb7  1-0

[Event "Karl Wagner mem 5th"]
[Site "Graz"]
[Date "1998.09.12"]
[Round "8.34"]
[White "Lampersberger, Erhard"]
[Black "Adinolfi, Vincenzo"]
[Result "0-1"]
[WhiteElo "2090"]
[BlackElo "2170"]

1.e4 c5 2.Nf3 Nc6 3.Bb5 g6 4.O-O Bg7 5.c3 d6 6.d4 cxd4 7.cxd4 Bd7 8.Nc3 a6
9.Ba4 Nf6 10.d5 Na5 11.Nd4 O-O 12.Bxd7 Nxd7 13.Bg5 Rc8 14.Rc1 Nc4 15.b3 Nb2
16.Qd2 Nc5 17.Qxb2 Bxd4 18.Qe2 Nxb3 19.axb3 Bxc3 20.Qd3 Bf6 21.Rxc8 Qxc8
22.Rc1 Qg4 23.Bxf6 exf6 24.Rc7 b5 25.f3 Qf4 26.Qc3 f5 27.g3 Qg5 28.f4 Qg4
29.Rc6 fxe4 30.Rxd6 Qd1+ 31.Kg2 Qe2+ 32.Kh3 e3 33.Rxa6 Qh5+ 34.Kg2 Qxd5+
35.Kg1 Qd1+ 36.Kg2 Qe2+ 37.Kh3 Qf1+ 38.Kh4 b4  0-1

[Event "Karl Wagner mem 5th"]
[Site "Graz"]
[Date "1998.09.13"]
[Round "9.42"]
[White "Zirngast, Erhard"]
[Black "Neubauer, Anton"]
[Result "1/2-1/2"]
[WhiteElo "2060"]
[BlackElo "2015"]

1.e4 c5 2.Nf3 Nc6 3.Bb5 e6 4.O-O Nge7 5.Re1 Nd4 6.Nxd4 cxd4 7.c3 a6 8.Bf1 Nc6
9.b4 dxc3 10.dxc3 Be7 11.Qb3 O-O 12.Be3 d6 13.Nd2 Ne5 14.h3 Bd7 15.a4 Rc8
16.Red1 Qc7 17.Rac1 d5 18.exd5 exd5 19.a5 Be6 20.Bd4 Nc6 21.Bb6 Qf4 22.b5 axb5
23.Bxb5 Ne5 24.Bd4 Bd6 25.Be3 Qf5 26.Qa4 Qg6 27.Kh1 Nd3 28.Bxd3 Qxd3 29.Nf3 Qc4
30.Qa1 Ra8 31.Rd4 Qb5 32.Ra4 Bd7 33.Ra2 Rfc8 34.Rb1 Qc6 35.Bd4 f6 36.Rb6 Qc7
37.a6 bxa6 38.Raxa6 Rxa6 39.Qxa6 Bf4 40.Rb7 Qc6 41.Qa7 Rc7 42.Rb8+ Rc8  1/2-1/2

[Event "CRO-chT"]
[Site "Porec"]
[Date "1998.09.13"]
[Round "7"]
[White "Brnas, Augustin"]
[Black "Zelenika, Srdjan"]
[Result "0-1"]
[WhiteElo "2300"]
[BlackElo "2255"]

1.e4 c5 2.Nf3 Nc6 3.Bb5 g6 4.O-O Bg7 5.Bxc6 dxc6 6.d3 e5 7.h3 Qe7 8.a3 a5
9.b3 Nf6 10.Bg5 h6 11.Be3 O-O 12.Nc3 Rd8 13.Qc1 Kh7 14.Nh2 b6 15.Ne2 Ba6
16.a4 Nxe4 17.Ng4 f5 18.dxe4 Bxe2 19.Re1 Bxg4 20.hxg4 fxg4 21.Re2 Qh4 22.Qe1 Rd7
23.Rd2 Rxd2 24.Bxd2 Rd8 25.Qe3 Rd7 26.Bc3 h5 27.Rf1 Bh6 28.Qe2 Bf4  0-1

[Event "CRO-chT"]
[Site "Porec"]
[Date "1998.09.13"]
[Round "7"]
[White "Madl, Ildiko"]
[Black "Medvegy, Nora"]
[Result "1-0"]
[WhiteElo "2410"]
[BlackElo "2325"]

1.e4 c5 2.Nf3 Nc6 3.Bb5 g6 4.Bxc6 dxc6 5.d3 Bg4 6.Be3 Bg7 7.Nbd2 b6 8.Qc1 Bxf3
9.Nxf3 Qd7 10.h3 e5 11.Qd2 f6 12.O-O-O h5 13.Nh4 Ne7 14.g3 g5 15.Ng2 O-O-O
16.Qe2 Rdg8 17.Kb1 Ng6 18.Bc1 Rh7 19.Ne3 h4 20.g4 Nf4 21.Qf3 Rd8 22.Nf5 Ne6
23.c3 Bf8 24.Be3 Qe8 25.Rd2 Rhd7 26.Rhd1 Qg6 27.Ka1 Bd6 28.d4 cxd4 29.cxd4 exd4
30.Bxd4 Bb4 31.Bc3 Bc5 32.e5 fxe5 33.Qxc6+  1-0

[Event "CRO-chT"]
[Site "Porec"]
[Date "1998.09.13"]
[Round "7"]
[White "Leventic, Ivan"]
[Black "Cebalo, Miso"]
[Result "0-1"]
[WhiteElo "2375"]
[BlackElo "2535"]

1.e4 c5 2.Nf3 Nc6 3.Bb5 e6 4.O-O Nge7 5.b3 a6 6.Bxc6 Nxc6 7.Bb2 b5 8.Re1 Bb7
9.a4 b4 10.d3 f6 11.d4 cxd4 12.Nxd4 Ne5 13.Nd2 Be7 14.Qh5+ Nf7 15.Nc4 Qc7
16.Rad1 O-O 17.Nf3 Bc6 18.Qa5 Rfc8 19.Qxc7 Rxc7 20.Na5 Kf8 21.Rd3 Rac8 22.Nd2 Ba8
23.Nac4 Bc5 24.Bd4 Ke7 25.c3 bxc3 26.Bxc3 Rb8 27.Kf1 d6 28.Rb1 Bb4 29.Bxb4 Rxb4
30.Re1 Rc5 31.f3 g5 32.Kf2 h5 33.Nf1 d5 34.exd5 Rxd5 35.Rde3 e5 36.Ng3 h4
37.Ne4 Nd8 38.g3 Ne6 39.Rc3 Rb8 40.Ne3 Rd7 41.gxh4 Nf4 42.Rd1 Rxd1 43.Nxd1 Nd5
44.Rd3 gxh4 45.Ne3 Nxe3 46.Kxe3 Bxe4 47.fxe4 Ke6 48.Rc3 Rb6 49.Ke2 f5 50.exf5+ Kxf5
51.Rf3+ Ke6 52.Rc3 a5 53.Ke3 Kf5 54.Ke2 Rb4 55.Rh3 Ke6 56.Re3 Kd5 57.Rh3 Rg4
58.Rd3+ Kc5 59.Rc3+ Kb4 60.Re3 e4 61.Rh3 Ka3 62.Re3 Rg2+ 63.Kf1 Rxh2 64.Kg1 Rb2
65.Rxe4 Rxb3 66.Rxh4 Rb4 67.Rh5 Kxa4 68.Kf2 Re4 69.Kf3 Re8 70.Rh1 Kb3 71.Rb1+ Ka2
72.Rb5 a4 73.Kf2 a3 74.Rb7 Ka1 75.Rb3 a2 76.Rb7 Rc8 77.Ke2 Rc1 78.Kd2 Rb1
79.Ra7 Kb2 80.Rb7+ Ka3 81.Ra7+ Kb3  0-1

[Event "Politiken zt"]
[Site "Munkebo"]
[Date "1998.09.14"]
[Round "2.2"]
[White "Djurhuus, Rune"]
[Black "Hansen, Sune Berg"]
[Result "1-0"]
[WhiteElo "2495"]
[BlackElo "2520"]

1.e4 c5 2.Nf3 Nc6 3.Bb5 e6 4.O-O Nge7 5.c3 d5 6.exd5 Qxd5 7.Qe2 Bd7 8.Rd1 Nf5
9.Bc4 Qd6 10.d4 cxd4 11.Na3 Be7 12.Bd3 O-O 13.Nb5 Qb8 14.Bxf5 exf5 15.cxd4 Bf6
16.Bg5 Bxg5 17.Nxg5 a6 18.Nc3 Qd6 19.Nf3 Rac8 20.d5 Na5 21.Rac1 Rfe8 22.Qd3 b5
23.a3 Nc4 24.Rc2 Nxb2 25.Rxb2 Qxa3 26.Ra2 Qxc3 27.Qxc3 Rxc3 28.Rxa6 b4 29.Ra7 Rd8
30.h4 f6 31.Rb7 Bc6 32.Rxb4 Rxd5 33.Ra1 Rcd3 34.Ra6 Rb5 35.Rd4 Rxd4 36.Nxd4 Rb1+
37.Kh2 Bb7 38.Rd6 g6 39.Rxf6 Bd5 40.Rd6 Bf7 41.h5 Kg7 42.Rd7 gxh5 43.Nxf5+ Kf6
44.Ng3 Rb4 45.f3 Bg6 46.Rd5 Rh4+ 47.Kg1 Kg7 48.Kf2 Kh6 49.Ne2 Ra4 50.Kg3 Ra2
51.Nd4 Kg7 52.Rd6 Kf7 53.Rb6 Kg7 54.Ne6+ Kf7 55.Ng5+ Kg7 56.Rb7+ Kh6 57.Nh3 Rc2
58.Nf4 Rc4 59.Nd5 Rc2 60.Ne3 Rc3 61.Re7 Ra3 62.f4 Rb3 63.Kh4 Rb4 64.g3 Ra4
65.Kh3 Bb1 66.Re6+ Kg7 67.Kh4 Ra5 68.Nc4 Ra2 69.Kg5 Bg6 70.Re7+ Kf8 71.Rc7 Rg2
72.Kf6 Ke8 73.Nb6  1-0

[Event "CRO-chT"]
[Site "Porec"]
[Date "1998.09.14"]
[Round "8"]
[White "Grosar, Kiti"]
[Black "Skripchenko, Almira"]
[Result "1-0"]
[WhiteElo "2290"]
[BlackElo "2420"]

1.e4 c5 2.Nf3 Nc6 3.Bb5 g6 4.O-O Bg7 5.c3 e5 6.d4 exd4 7.cxd4 cxd4 8.Bf4 a6
9.Ba4 b5 10.Bb3 d6 11.Bd5 Nge7 12.Bg5 f6 13.Nxd4 Nxd4 14.Qxd4 Nxd5 15.exd5 O-O
16.Be3 f5 17.Qd2 Qf6 18.Nc3 b4 19.Ne2 Qxb2 20.Qxb2 Bxb2 21.Rab1 Be5 22.Rxb4 a5
23.Rb6 Ba6 24.Re1 f4 25.Bd4 Rfe8 26.Rxa6 Rxa6 27.Nxf4 Kf7 28.Bxe5 Rxe5 29.Rc1 g5
30.Nh5 Rxd5 31.Rc7+ Ke6 32.f4 Rd1+ 33.Kf2 gxf4 34.Nxf4+ Ke5 35.Ke2 Ra1 36.Nd3+ Kd5
37.Rxh7 Rxa2+ 38.Ke3 Ra3 39.Rh5+ Kc6 40.Kd4 Ra7 41.h3 Rg7 42.g4 Rf7 43.Rh6 Ra4+
44.Ke3 Re7+ 45.Kd2 Ra2+ 46.Kc3 Ra3+ 47.Kd2 Re3 48.Kxe3 Kd5 49.g5 a4 50.g6 Ke6
51.g7+ Kf7 52.Rg6 Kg8 53.Kd4 Rb3 54.Nf4 Rb4+ 55.Ke3 Rb5 56.Ne6 Rb3+ 57.Kf4 Rb4+
58.Kg5 Rb5+ 59.Kh6 Rf5 60.Ng5 Ra5  1-0

[Event "CRO-chT"]
[Site "Porec"]
[Date "1998.09.15"]
[Round "9"]
[White "Golubovic, Boris"]
[Black "Shariyazdanov, Andrey"]
[Result "1/2-1/2"]
[WhiteElo "2440"]
[BlackElo "2530"]

1.e4 c5 2.Nf3 Nc6 3.Bb5 e6 4.O-O Nge7 5.Nc3 a6 6.Bxc6 Nxc6 7.d4 cxd4 8.Nxd4 d6
9.Nxc6 bxc6 10.b3 Be7 11.Bb2 O-O 12.Qd3 e5 13.Na4  1/2-1/2

[Event "Itau Mercosul Cup 2nd"]
[Site "Sao Paulo"]
[Date "1998.09.15"]
[Round "8"]
[White "Nogueira, Ivan K"]
[Black "Braga, Cicero"]
[Result "1/2-1/2"]
[WhiteElo "2285"]
[BlackElo "2420"]

1.e4 c5 2.Nf3 Nc6 3.Bb5 d6 4.O-O Bd7 5.Re1 Nf6 6.c3 a6 7.Bf1 Bg4 8.h3 Bh5
9.d3 e6 10.Nbd2 d5 11.Qb3 Be7 12.exd5 Nxd5 13.Ne5 Na5 14.Qa4+ b5 15.Qc2 O-O
16.g4 Bg6 17.Ndf3 Bd6 18.Nxg6 hxg6 19.d4 Nc6 20.a4 Rb8 21.axb5 axb5 22.Qe4 Nf6
23.Qd3 Qc7 24.Bg2 Rfd8 25.g5 Nd5 26.Qe4 cxd4 27.cxd4 Ncb4 28.Be3 Qc2 29.Ne5 Qxe4
30.Bxe4 Nxe3 31.Rxe3 Be7 32.Ra7 Bxg5 33.Nxf7 Bxe3 34.Nxd8 Bxd4 35.Rd7 Bxb2
36.Nxe6 Bf6 37.Bxg6 Nc6 38.f4 Nd8  1/2-1/2

[Event "Olympic team-Beersheva"]
[Site "Vingeit"]
[Date "1998.09.18"]
[Round "1"]
[White "Kosashvili, Yona"]
[Black "Golod, Vitali"]
[Result "1-0"]
[WhiteElo "2580"]
[BlackElo "2555"]

1.e4 c5 2.Nf3 Nc6 3.Bb5 g6 4.O-O Bg7 5.Re1 e5 6.Bxc6 dxc6 7.h3 Qe7 8.a4 g5
9.d4 g4 10.Nxe5 gxh3 11.Bf4 hxg2 12.Na3 Qh4 13.Bh2 Bxe5 14.dxe5 Be6 15.Qf3 O-O-O
16.Qg3 Qh5 17.Nc4 Ne7 18.Nd6+ Kb8 19.f4 Rhg8 20.Qf2 Rg4 21.Qf3 Ng6 22.f5 Nh4
23.Qe2 Rdg8 24.Ra3 Ng6 25.fxg6 hxg6 26.Rg3 Rh8 27.Qxg2 Rh4 28.Re2 Qxe5 29.Nxf7 Qd4+
30.Rge3+ Rxh2 31.Qg3+ Kc8 32.Nd6+ Kd7 33.Rxh2 Qd1+ 34.Qe1 Qxe1+ 35.Rxe1 Rxh2
36.Kxh2 Kxd6 37.Kg3 Ke5 38.Kf3 g5 39.Rh1 a5 40.Rh5 Kf6 41.Rh6+ Ke5 42.Rg6 g4+
43.Ke3 b5 44.Rg5+ Kd6 45.Rg7 bxa4 46.Ra7 Bc4 47.Rxa5 Bf1 48.Kf4 Be2 49.Rxa4 Bd1
50.Rc4  1-0

[Event "Elista ol (Men)"]
[Site "Elista"]
[Date "1998.09.29"]
[Round "1"]
[White "Olape, Bunmi"]
[Black "Babula, Vlastimil"]
[Result "0-1"]
[WhiteElo "2245"]
[BlackElo "2575"]

1.e4 c5 2.Nf3 Nc6 3.Bb5 d6 4.h3 Bd7 5.d3 a6 6.Bxc6 Bxc6 7.c4 g6 8.Bd2 Bg7
9.Bc3 Nf6 10.O-O O-O 11.Nbd2 e5 12.Re1 Nh5 13.Nf1 f5 14.Bd2 b6 15.Rb1 Ra7
16.Ng5 Qf6 17.Nh2 h6 18.Ngf3 Qe6 19.b3 Raf7 20.Rb2 Nf6 21.Qc2 g5 22.Bc1 Nh5
23.Qd1 Qg6 24.Rbe2 Bh8 25.Kh1 Ng7 26.Qc2 Ne6 27.a3 h5 28.h4 fxe4 29.dxe4 g4
30.Ng5 Nd4 31.Qb2 Rf4 32.Kg1 Nxe2+ 33.Qxe2 Rxf2 34.Qxf2 Rxf2 35.Kxf2 Bf6
36.Nf1 Bxg5 37.Bxg5 Bxe4 38.Ng3 Bc6 39.Re2 Qd3 40.Nxh5 Bxg2 41.Re3 Qc2+ 42.Kg3 Bf3
43.Nf6+ Kf7  0-1

[Event "Elista ol (Men)"]
[Site "Elista"]
[Date "1998.09.30"]
[Round "2"]
[White "San Segundo, Pablo"]
[Black "Agopov, Mikael"]
[Result "1/2-1/2"]
[WhiteElo "2490"]
[BlackElo "2350"]

1.e4 c5 2.Nf3 Nc6 3.Bb5 e6 4.O-O Nge7 5.Nc3 a6 6.Bxc6 Nxc6 7.d4 cxd4 8.Nxd4 Qc7
9.Nxc6 Qxc6 10.Re1 Be7 11.Qg4 Kf8 12.Bf4 d6 13.Qe2 f6 14.Rad1 Kf7 15.Rd3 b5
16.Qd2 Rd8 17.Qe2 Kg8 18.Nd5 Qb7 19.Nxe7+ Qxe7 20.Bd2 Qc7 21.Rc3 Qf7 22.Rg3 Rd7
23.Bh6 Qf8 24.c4 Rb8 25.Rd1 Kh8 26.Bc1 Qe7 27.Rb3 Rd8 28.cxb5 axb5 29.Bd2 Qc7
30.Rc1 Qb6 31.Qh5 e5 32.a4 Qd4 33.Ba5 Rg8 34.Rb4 Qa7 35.Bc7 Rb7 36.Bxd6 bxa4
37.Qe2  1/2-1/2

[Event "Elista ol (Men)"]
[Site "Elista"]
[Date "1998.10.01"]
[Round "3"]
[White "Van den Doel, Erik"]
[Black "Abdulla, A."]
[Result "1-0"]
[WhiteElo "2480"]
[BlackElo "2290"]

1.e4 c5 2.Nf3 Nc6 3.Bb5 e6 4.Bxc6 bxc6 5.d3 d6 6.O-O g6 7.e5 d5 8.c4 Ne7
9.Nc3 Bg7 10.Na4 h6 11.Nxc5 g5 12.h3 Qa5 13.Qe1 Qc7 14.b3 Ng6 15.Bb2 h5 16.Nxg5 Bxe5
17.Bxe5 Qxe5 18.Qxe5 Nxe5 19.Rfe1 Nd7 20.Na4 Ke7 21.Rac1 Rg8 22.f4 Ba6 23.Kf2 Rg7
24.cxd5 cxd5 25.Rc7 Bxd3 26.Rxd7+ Kxd7 27.Nc5+ Kd6 28.Nxd3 Rc8 29.Re2 Re8
30.Nf3 Reg8 31.Kf1 f6 32.Nd4 Re7 33.Rc2 Kd7 34.Nc5+ Ke8 35.Ncxe6 Kf7 36.f5  1-0

[Event "Elista ol (Men)"]
[Site "Elista"]
[Date "1998.10.01"]
[Round "3"]
[White "Leonardo, Joao"]
[Black "Franco Ocampo, Zenon"]
[Result "1/2-1/2"]
[WhiteElo "2290"]
[BlackElo "2485"]

1.e4 c5 2.Nf3 Nc6 3.Bb5 e6 4.O-O Nge7 5.Nc3 a6 6.Bxc6 Nxc6 7.d4 cxd4 8.Nxd4 d6
9.Nxc6 bxc6 10.Qg4 Qf6 11.f4 Be7 12.Be3 O-O 13.Kh1 Rb8 14.e5 Qg6 15.Qxg6 hxg6
16.exd6 Bxd6 17.Ne4 Bc7 18.b3 e5 19.c4 Rd8 20.fxe5 Bxe5 21.Rae1 Bf5 22.Nc5 a5
23.h3 Bc3 24.Rc1 Bb2 25.Rce1 Ba3 26.Na4 Bb4 27.Rd1 Rxd1 28.Rxd1 Re8 29.Bc5 Re2
30.Bxb4 axb4 31.Nc5 Rxa2 32.Rd8+ Kh7 33.g4 Ra5 34.Nb7 Ra7 35.gxf5 Rxb7 36.fxg6+ fxg6
37.Rc8 Rb6 38.Kg2 Ra6 39.c5 Ra3  1/2-1/2

[Event "Elista ol (Men)"]
[Site "Elista"]
[Date "1998.10.01"]
[Round "3"]
[White "Kochetkov, German"]
[Black "Shariyazdanov, Andrey"]
[Result "1-0"]
[WhiteElo "2405"]
[BlackElo "2530"]

1.e4 c5 2.Nf3 Nc6 3.Bb5 e6 4.O-O Nge7 5.Re1 a6 6.Bf1 d5 7.exd5 Nxd5 8.d4 Be7
9.dxc5 O-O 10.a3 Bxc5 11.b4 Ba7 12.c4 Nde7 13.Ra2 Qxd1 14.Rxd1 f6 15.Nc3 e5
16.Be3 Bg4 17.Be2 Bxe3 18.fxe3 Rfd8 19.Rad2 Kf8 20.Nd5 Nxd5 21.cxd5 Ne7 22.d6 Nc6
23.Ng5 Bd7 24.Bc4 h6 25.Ne6+ Bxe6 26.Bxe6 a5 27.b5 Na7 28.a4 Nc8 29.h4 h5
30.Kh2 Rb8 31.Kh3 g6 32.g4 hxg4+ 33.Kxg4 Nb6 34.h5 Nxa4 35.hxg6 Nc5 36.Bf5 Kg7
37.d7  1-0

[Event "Elista ol (Men)"]
[Site "Elista"]
[Date "1998.10.02"]
[Round "4"]
[White "Solomon, Stephen J"]
[Black "Hernandez, Gilberto"]
[Result "1/2-1/2"]
[WhiteElo "2435"]
[BlackElo "2520"]

1.e4 c5 2.Nf3 Nc6 3.Bb5 e6 4.Bxc6 bxc6 5.d3 Ne7 6.Ng5 h6 7.Nh3 e5 8.f4 exf4
9.Nxf4 g6 10.c4 Bg7 11.O-O O-O 12.Nc3 Rb8 13.Be3 Rxb2 14.Na4 Rb8 15.Bxc5 d6
16.Bxa7 Rb7 17.Be3 Bxa1 18.Qxa1 Qa5 19.c5 Qxa4 20.Qf6 dxc5 21.Bxc5 Rd8 22.Kh1 Qc2
23.Nd5 Qxc5 24.Qxf7+ Kh8 25.Qf6+  1/2-1/2

[Event "Elista ol (Men)"]
[Site "Elista"]
[Date "1998.10.02"]
[Round "4"]
[White "Rozentalis, Eduardas"]
[Black "Rahman, Ziaur"]
[Result "1-0"]
[WhiteElo "2580"]
[BlackElo "2505"]

1.e4 c5 2.Nf3 Nc6 3.Bb5 g6 4.O-O Bg7 5.c3 Nf6 6.Re1 O-O 7.d4 d5 8.e5 Ne4
9.Bxc6 bxc6 10.Nbd2 Nxd2 11.Bxd2 Bg4 12.dxc5 Qb8 13.Qb3 Bxf3 14.gxf3 Qc8
15.Qa4 Rb8 16.b3 Qf5 17.Qf4 Qd3 18.Kg2 e6 19.Qd4 Qf5 20.Rac1 f6 21.exf6 Rxf6
22.Qg4 e5 23.Bg5 Rf7 24.Qxf5 Rxf5 25.Be7 Rb7 26.Bd6 Rbf7 27.b4 a6 28.a4 Rxf3
29.Rc2 e4 30.b5 axb5 31.axb5 cxb5 32.c6 Bxc3 33.Rb1 Bd4 34.c7 Rxf2+ 35.Rxf2 Rxf2+
36.Kh3 Rc2 37.Rxb5 Kf7 38.Rc5 Bxc5 39.c8=Q Rc3+ 40.Kg2 Bd4 41.Qd7+ Kf6 42.Be7+ Ke5
43.Qd6+  1-0

[Event "Elista ol (Men)"]
[Site "Elista"]
[Date "1998.10.02"]
[Round "4"]
[White "Dyce, Andrew"]
[Black "Nilssen, John Arni"]
[Result "0-1"]
[WhiteElo "2295"]
[BlackElo "2305"]

1.e4 c5 2.Nf3 Nc6 3.Bb5 g6 4.Bxc6 dxc6 5.d3 Bg7 6.h3 Nf6 7.Nc3 Nd7 8.Be3 e5
9.Qd2 Qe7 10.Bh6 f6 11.O-O-O Nf8 12.Bxg7 Qxg7 13.g4 Be6 14.Nh2 g5 15.Nf1 h5
16.Ne3 O-O-O 17.Nf5 Qf7 18.h4 gxh4 19.Rxh4 Ng6 20.Rxh5 Rxh5 21.gxh5 Nf4 22.Rh1 Bxf5
23.exf5 c4 24.h6 cxd3 25.cxd3 Qh7 26.Ne4 Nxd3+ 27.Kb1 Qxf5 28.h7 Qxe4 29.h8=Q Nxf2+
30.Kc1 Nd3+ 31.Kc2 Nc5+ 32.Kc1 Nd3+ 33.Kc2 Qc4+ 34.Qc3 Nb4+  0-1

[Event "Elista ol (Men)"]
[Site "Elista"]
[Date "1998.10.02"]
[Round "4"]
[White "Fernandes, Antonio"]
[Black "Thorhallsson, Throstur"]
[Result "1/2-1/2"]
[WhiteElo "2480"]
[BlackElo "2495"]

1.e4 c5 2.Nf3 Nc6 3.Bb5 g6 4.O-O Bg7 5.Qe2 a6 6.Bxc6 dxc6 7.a4 a5 8.Na3 b6
9.d3 Qc7 10.Nc4 e5 11.b3 Be6 12.Bb2 Bxc4 13.dxc4 f6 14.Rad1 Nh6 15.Rd3 Ke7
16.Ne1 Nf7 17.g3 Rhe8 18.f4 Kf8 19.Rdf3 exf4 20.Rxf4 f5 21.Bxg7+ Kxg7 22.Qg2 Nd6
23.exf5 Nxf5 24.g4 Nd4 25.Re4 Qd7 26.Rff4 Rxe4 27.Rxe4 Rf8 28.Qg3 Qf7 29.Qg2 Qf6
30.Re3 Qf4 31.Re7+ Kg8 32.h3 Qf6 33.Re3 Rf7 34.Re8+ Kg7 35.Re3 Qf4 36.Re4 Qf6
37.Re3 Re7 38.Re4 Qd6 39.Kh1 Qf6 40.Kg1 Re5 41.Rxe5 Qxe5 42.Qf2 Qe4 43.g5 Qe5
44.h4 h6 45.gxh6+ Kxh6 46.Nf3 Nxf3+ 47.Qxf3 Qe1+ 48.Kg2 Qxh4 49.Qxc6 Qd8
50.Qe6 Qg5+ 51.Kh2 Qf4+ 52.Kg2 Qd2+ 53.Kh3 Qd8 54.Qc6 Kg7 55.Qb7+ Kh6 56.Qc6 Qb8
57.Kg4 Qa7 58.Qh1+ Kg7 59.Qc6 Qe7 60.Qxb6 Qe4+ 61.Kg3 Qe3+ 62.Kg4 Qd4+ 63.Kg3 Qc3+
64.Kg4 Qd4+ 65.Kg3 Qe3+ 66.Kg4 Qe4+ 67.Kg3 Qe3+ 68.Kg4 Qe4+ 69.Kg3 Qe3+ 70.Kg4 Qe4+
71.Kg3 Qe3+ 72.Kg4 Qe4+ 73.Kg3 Qe3+ 74.Kg4 Qe4+ 75.Kg3 Qe3+ 76.Kg4 Qe4+ 77.Kg3 Qe3+
78.Kg4 Qe4+ 79.Kg3 Qe3+ 80.Kg4 Qe4+  1/2-1/2

[Event "Elista ol (Men)"]
[Site "Elista"]
[Date "1998.10.03"]
[Round "5"]
[White "Fadi, Eid"]
[Black "Sousa, Armindo"]
[Result "1/2-1/2"]
[WhiteElo "2280"]
[BlackElo "2220"]

1.e4 c5 2.Nf3 Nc6 3.Bb5 a6 4.Bxc6 bxc6 5.O-O d6 6.h3 e5 7.c3 Nf6 8.d4 cxd4
9.cxd4 Qc7 10.dxe5 dxe5 11.b3 Be7 12.Qc2 O-O 13.Bb2 Nd7 14.Nbd2 Kh8 15.Rac1 Bb7
16.Nc4 f6 17.Bc3 c5 18.Rfd1 Rfe8 19.Ne3 Qc6 20.Nd5 Bf8 21.Ba5 Rac8 22.Nd2 f5
23.Nc4 fxe4 24.Qxe4 Qe6 25.Nce3 Nf6 26.Qc4 Nxd5 27.Nxd5 Qg6 28.Qg4 Qxg4 29.hxg4 Rc6
30.Ne3 Bc8 31.Rd5 Rg6 32.Rcd1 Kg8 33.Rd8 Rxd8 34.Rxd8 Bxg4 35.Bc7 Kf7 36.Bxe5 Be7
37.Ra8 Be2 38.Ra7 Ke6 39.f4 Bd3 40.g4 h5 41.f5+ Bxf5 42.Nxf5 Rxg4+ 43.Kf2 Bg5
44.Nxg7+ Kxe5 45.Nxh5 Rh4 46.Ng3 Rh2+ 47.Kf3  1/2-1/2

[Event "Elista ol (Men)"]
[Site "Elista"]
[Date "1998.10.03"]
[Round "5"]
[White "Magem Badals, Jorge"]
[Black "Babula, Vlastimil"]
[Result "1/2-1/2"]
[WhiteElo "2540"]
[BlackElo "2575"]

1.e4 c5 2.Nf3 Nc6 3.Bb5 d6 4.O-O Bd7 5.c3 Nf6 6.Re1 a6 7.Ba4 c4 8.Bc2 Bg4
9.h3 Bh5 10.d4 cxd3 11.Qxd3 Bxf3 12.Qxf3 g6 13.Nd2 Bg7 14.Nc4 Nd7 15.Bg5 Nde5
16.Nxe5 Nxe5 17.Qe2 O-O 18.Bb3 b5 19.Rad1 Qc7 20.Be3 Rab8 21.Bd4 a5 22.f4 Nc4
23.Bxg7 Kxg7 24.a3 Rfc8 25.Rd4 e5 26.fxe5 dxe5 27.Rd5 a4 28.Ba2 Rd8 29.Red1 Rxd5
30.Rxd5 Rb6 31.Kh1 h5 32.Kh2 Qe7 33.Qf2 Rf6 34.Qc5 Qxc5 35.Rxc5 Ne3 36.Rxe5 b4
37.cxb4 Rf2 38.Re7 Rxg2+ 39.Kh1 Rxb2 40.Rxf7+ Kh6 41.Rf3 Ng4 42.hxg4 hxg4
43.Re3 Rxa2 44.e5 Kg7  1/2-1/2

[Event "Elista ol (Men)"]
[Site "Elista"]
[Date "1998.10.03"]
[Round "5"]
[White "Timman, Jan H"]
[Black "Yermolinsky, Alex"]
[Result "0-1"]
[WhiteElo "2655"]
[BlackElo "2625"]

1.e4 c5 2.Nf3 Nc6 3.Bb5 e6 4.O-O Nge7 5.c3 a6 6.Be2 d5 7.exd5 exd5 8.d4 cxd4
9.Nxd4 Nxd4 10.cxd4 g6 11.Nc3 Bg7 12.Bg5 O-O 13.Re1 h6 14.Bh4 g5 15.Bg3 Nc6
16.Bf3 Be6 17.Be5 Nxe5 18.dxe5 d4 19.Na4 Qa5 20.Bxb7 Rad8 21.Rc1 d3 22.Re4 Bd7
23.Bc6 Bxc6 24.Rxc6 Qd5 25.Rcc4 Bxe5 26.Nc3 Qd6 27.h4 d2 28.hxg5 hxg5 29.Re3 Bf4
30.Ne4 Qe6 31.Rec3 f5 32.g3 fxe4 33.gxf4 Rxf4 34.Rg3 Qxc4  0-1

[Event "Elista ol (Men)"]
[Site "Elista"]
[Date "1998.10.04"]
[Round "6"]
[White "Nevednichy, Vladislav"]
[Black "Agopov, Mikael"]
[Result "1-0"]
[WhiteElo "2545"]
[BlackElo "2350"]

1.e4 c5 2.Nf3 Nc6 3.Bb5 e6 4.Bxc6 bxc6 5.d3 f6 6.e5 fxe5 7.Nxe5 Nf6 8.O-O d6
9.Nc4 Be7 10.f4 O-O 11.Nbd2 Nd5 12.Ne4 Nb6 13.Na5 Qc7 14.Bd2 d5 15.Ng5 Bxg5
16.fxg5 Rxf1+ 17.Qxf1 e5 18.Qf2 d4 19.Re1 Be6 20.Qg3 Nd7 21.g6 h6 22.h4 Rf8
23.b3 Rf6 24.Nc4 Bxc4 25.bxc4 Qd6 26.h5 Qe6 27.a4 Rf8 28.a5 a6 29.Qh4 Rb8
30.Rf1 Rf8 31.Rxf8+ Kxf8 32.Qd8+ Qe8 33.Qc7 Qe6 34.Qc8+ Ke7 35.Qh8 Qf6 36.Bxh6 gxh6
37.Qh7+ Kd6 38.g7 Qh4 39.Qg6+ Nf6 40.g3 Qg5 41.Qxg5 hxg5 42.h6  1-0

[Event "Elista ol (Men)"]
[Site "Elista"]
[Date "1998.10.04"]
[Round "6"]
[White "Mikuev, Erentsen"]
[Black "Nilssen, John Arni"]
[Result "0-1"]
[WhiteElo "2145"]
[BlackElo "2305"]

1.e4 c5 2.Nf3 Nc6 3.Bb5 g6 4.Bxc6 dxc6 5.d3 Bg7 6.Nc3 e5 7.Be3 Qe7 8.h3 Nf6
9.Qd2 Nd7 10.Bh6 f6 11.Bxg7 Qxg7 12.Nh4 Nf8 13.Ne2 Qf7 14.O-O g5 15.Nf5 Bxf5
16.exf5 Qd7 17.Ng3 b6 18.Qe2 O-O-O 19.a4 a5 20.Ra3 Kc7 21.Rb3 h5 22.Nxh5 Qxf5
23.Ng3 Qe6 24.Qf3 Rd4 25.Ne4 Nd7 26.Ra3 f5 27.Nxg5 Qf6 28.Qg3 Rg8 29.f4 exf4
30.Rxf4 Rxg5 31.Rg4+ f4  0-1

[Event "Elista ol (Men)"]
[Site "Elista"]
[Date "1998.10.04"]
[Round "6"]
[White "Torre, Eugenio"]
[Black "Stefansson, Hannes"]
[Result "0-1"]
[WhiteElo "2545"]
[BlackElo "2535"]

1.e4 c5 2.Nf3 Nc6 3.Bb5 e6 4.O-O Nge7 5.c3 a6 6.Ba4 b5 7.Bc2 Bb7 8.Re1 Rc8
9.a4 b4 10.d3 Ng6 11.Nbd2 Be7 12.Nf1 O-O 13.Ng3 d5 14.Bd2 a5 15.Qe2 Ba6 16.e5 bxc3
17.bxc3 d4 18.c4 Nb4 19.Bd1 Bb7 20.Nh5 Bxf3 21.gxf3 Bg5 22.f4 Bh6 23.Qf3 Rb8
24.Kh1 Kh8 25.Rg1 Qe7 26.Rg3 Rg8 27.Qe4 f6 28.exf6 gxf6 29.Bf3 f5 30.Qe2 Qd6
31.Rag1 Nh4 32.Re1 Rg6 33.Rh3 Nxf3 34.Rxf3 Kg8 35.Rg3 Kf7 36.Kg1 Nc6 37.Bc1 Rb4
38.Qc2 Rb8 39.Qe2 Bf8 40.Ba3 Nb4 41.Bc1 Be7 42.Rg2 Qc6 43.Rg5 Rbg8 44.Rxg6 Rxg6+
45.Ng3 Qxa4 46.h4 Bxh4 47.Qh5 Bxg3 48.Qxh7+ Rg7 49.Qh5+ Ke7 50.fxg3 Qc2 51.Qf3 Kf6
52.Rd1 Rxg3+ 53.Qxg3 Qxd1+  0-1

[Event "Elista ol (Men)"]
[Site "Elista"]
[Date "1998.10.04"]
[Round "6"]
[White "Shovunov, Baatr"]
[Black "Gamboa, Nelson"]
[Result "0-1"]
[WhiteElo "2470"]
[BlackElo "2380"]

1.e4 c5 2.Nf3 Nc6 3.Bb5 e6 4.Bxc6 bxc6 5.d3 Ne7 6.h4 d6 7.Nbd2 e5 8.Nc4 f6
9.Ne3 Be6 10.c4 Qd7 11.h5 d5 12.Qc2 d4 13.Nf1 Nc8 14.Nh4 Be7 15.f3 g5 16.Nf5 Bxf5
17.exf5 Qxf5 18.Qe2 Nd6 19.Ng3 Qd7 20.b3 O-O 21.Ba3 Nf7 22.Qe4 Nh6 23.O-O Bd6
24.Qe1 f5 25.Ne2 g4 26.f4 e4 27.Rd1 Rae8 28.Qa5 Qe7 29.Rde1 g3 30.Nxg3 Qh4
31.dxe4 Ng4 32.Rf2 Qxg3  0-1

[Event "Trenque Lauquen Masters"]
[Site "Buenos Aires"]
[Date "1998.10.05"]
[Round "?"]
[White "Pirotzky, M."]
[Black "Pierrot, Facundo"]
[Result "0-1"]
[WhiteElo "2145"]
[BlackElo "2420"]

1.e4 c5 2.Nf3 Nc6 3.Bb5 e6 4.Bxc6 bxc6 5.O-O Ne7 6.Re1 Ng6 7.Nc3 Be7 8.d3 e5
9.Ne2 d6 10.Ng3 O-O 11.Bd2 Be6 12.b3 Qd7 13.Ng5 Bxg5 14.Bxg5 f5 15.exf5 Bxf5
16.Ne4 Rf7 17.f3 Raf8 18.Rf1 h6 19.Be3 Nh4 20.Qe2 g5 21.Rf2 Rg7 22.Raf1 Qe6
23.Qd2 Kh8 24.c3 Qg6 25.g3 Bh3 26.gxh4 gxh4+ 27.Kh1 Rfg8 28.Ng5 Bxf1 29.Rxf1 hxg5
30.h3 Qf5 31.Kg2 g4  0-1